| 000 | 00702nam a2200253 a 4500 | ||
|---|---|---|---|
| 001 | 53289 | ||
| 003 | BD-RjUL | ||
| 005 | 20211209075935.0 | ||
| 008 | 161004s2005 ii a b 00110 eng d | ||
| 020 | _a0706907647 | ||
| 035 | _a(BD-RjUL)53409 | ||
| 035 | _a1627964 | ||
| 040 |
_aANL _cANL _dANL _beng |
||
| 041 | _aeng | ||
| 082 | 0 |
_a580 _219 _bSAT 2005 |
|
| 100 | 1 |
_aSambamurty, A V S S _9159046 |
|
| 245 | 1 | 0 |
_aTaxonomy of angiosperms / _cA V S S Sambamurty |
| 260 |
_aNew Delhi : _bVikas Publishing House, _c2005 |
||
| 300 |
_axv, 892 p. : _bill. ; _c25 cm. |
||
| 500 | _aIncludes indexes. | ||
| 650 | 0 |
_aAngiosperms _9147614 |
|
| 650 | 0 |
_aPlants _vClassification. _9159285 |
|
| 942 |
_2ddc _cBK |
||
| 999 |
_c53289 _d53289 |
||